| 000 | 00640nam a2200241 a 4500 | ||
|---|---|---|---|
| 001 | 49 | ||
| 003 | CO-ViMGA | ||
| 008 | 141112s2004 ck r 000 u spa d | ||
| 040 |
_aCO-ViMGA _bspa _cCO-ViMGA |
||
| 082 | 0 | 4 | _a745.5 P155 |
| 100 | 1 |
_aPajot, Anne Marie _947761 |
|
| 245 | 1 | 0 |
_aLo que puede hacer usted misma / _cAnne Marie Pajot |
| 250 | _a2a | ||
| 260 |
_aBarcelona : _bCeac, _c1975 |
||
| 300 | _a157 p : il | ||
| 490 | _aNueva enciclopedia femenina | ||
| 650 | 1 | 4 |
_aARTESANIAS _94191 |
| 650 | 1 | 4 | _aDECORACION |
| 650 | 1 | 4 |
_aMUEBLES _947762 |
| 650 | 1 | 4 |
_aTAPIZADO _947763 |
| 650 | 1 | 4 |
_aTRABAJOS MANUALES _94194 |
| 942 |
_2ddc _cBK |
||
| 999 |
_c12302 _d12302 |
||